01760nam a2200277 a 4500001001000000003000900010005001700019008004100036040002500077082002700102100003400129245011200163260004500275300002100320500003600341650004800377700004200425700004000467942001400507952022000521952022100741952021300962952014301175952014901318999001501467000006895DO-SdBNP20251215095639.0090903s1982 dr 001 0 spa d aDO-SdBNPbspacBNPHU 4a346.7293059bP438f2221 aPérez, Luis Julián91485610aFideicomiso o trust /cLuis Julián Pérez ; prólogo, Luis R. del Castillo, Juan ML. Pellerano Gómez. aSanto Domingo :bAmigo del Hogar,c1982. a164 p. ;c23 cm. aIncluye bibliografía (p. 161) 0aFideicomiso zRepública Dominicana9335441 aR. del Castillo, Luisepról.9191271 aPellerano, Juan ML.epról.919128 2ddccLBS1 00102ddc56708DSaBNPHUbBNPHUcHDd2015-02-19iLF1l0oBNPHU DS 346.7293059 P438fp6895-30r2020-06-25te. 3w2020-06-25yLBS1zPerteneció a la biblioteca personal de Germán Emilio Ornes.ZPréstamo en sala 00102ddc56708DSaBNPHUbBNPHUcHDd2015-03-26iLF1l0oBNPHU DS 346.7293059 P438fp6895-40r2020-06-25te. 4w2020-06-25yLBS1zPerteneció a la biblioteca personal del Dr. Guaroa Ginebra H.ZPréstamo en sala 00102ddc56708DSaBNPHUbBNPHUcHDd2015-07-23iLF1l0oBNPHU DS 346.7293059 P438fp6895-50r2020-06-25te. 5w2020-06-25yLBS1zPerteneció a la biblioteca personal de Carmen Herrera.ZPréstamo en sala 00102ddc51708PDaBNPHUbBNPHUcHDd2009-09-03iLF1l0oBNPHU PD 346.7293059 P438fp6895-10r2020-06-25w2020-06-25yLBS1ZNo se presta 00102ddc51708PDaBNPHUbBNPHUcHDd2011-06-15iLF1l0oBNPHU PD 346.7293059 P438fp6895-20r2020-06-25te. 2w2020-06-25yLBS1ZNo se presta c6681d6681